| 000 | 00437nam a22001697a 4500 | ||
|---|---|---|---|
| 003 | SGT | ||
| 020 | _a978-93-82219-16-3 | ||
| 082 |
_a614.44 _bP21P |
||
| 100 | _aPARK,K | ||
| 245 | _aPARK'S TEXT BOOK OF PREVENTIVE AND SOCIAL MEDICINE | ||
| 250 | _a26TH | ||
| 260 |
_aPUNE _bBANARSIDAS BHANOT _c2021 |
||
| 300 | _a1032 | ||
| 650 | _aAYURVEDA | ||
| 653 | _aPARK'S MEDICINE, PREVENTIVE MEDICINE, SOCIAL MEDICINE | ||
| 942 |
_2ddc _cBK _067 |
||
| 999 |
_c21587 _d21587 |
||